| 000 | 00578nam a22001937a 4500 | ||
|---|---|---|---|
| 999 |
_c9345 _d9345 |
||
| 003 | AR-CdUCM | ||
| 008 | 190327b ||||| |||| 00| 0 spa d | ||
| 040 |
_aMUNICIPALIDAD PROVINCIAL DEL CUSCO _cBIBLIOTECA MUNICIPAL DEL CUSCO |
||
| 082 |
_a869.56 / _bC26 |
||
| 100 |
_aCarnero Checa, Genaro _92353 |
||
| 245 |
_aCorazón Bandera : _bPoemas / |
||
| 260 |
_aLima : _bSiglo XX , _c1959. |
||
| 300 |
_a79 páginas ; _c22.3 cm. |
||
| 650 |
_aPoesia Limeña _917928 |
||
| 650 |
_aPoesia Peruana _9280 |
||
| 650 |
_aPoesia Latinoamericana _92147 |
||
| 942 |
_2ddc _cLIBROS |
||
| 945 | _artm | ||